Score 0/18 Timer 05:00
1 Play Today
Movie Missing Word % Correct
The Polar _____Express
95.2%
_____ HoodRobin
95.1%
All _____ Go to HeavenDogs
91%
The Angry _____ MovieBirds
90.3%
_____ on the RangeHome
87.6%
Chicken _____Little
87.5%
The Boss _____Baby
86.6%
Shark _____Tale
85.3%
Atlantis: The _____ EmpireLost
83.4%
Movie Missing Word % Correct
The Road to El _____Dorado
81.1%
_____ BearBrother
75.5%
Oliver & _____Company
75.2%
Escape From _____ EarthPlanet
73.7%
The Black _____Cauldron
63.8%
Ice Age: _____ CourseCollision
59.8%
_____ & ClankRatchet
38.3%
The Tale of _____Despereaux
25.3%
_____ of the NorthNorm
20.9%

Today's Daily Dose

You're not logged in!

Compare scores with friends on all Sporcle quizzes.
OR
Log In

Sporcle TV

Today on Sporcle TV


Watch our educational content, quiz creation guides, and fun videos on Sporcle TV.

Show Comments

Extras

Top Quizzes Today


Score Distribution

Paid Content

Your Account Isn't Verified!

In order to create a playlist on Sporcle, you need to verify the email address you used during registration. Go to your Sporcle Settings to finish the process.

Report this User

Report this user for behavior that violates our Community Guidelines.

Details: